Statistics for Songs that Start with the Same Word

Click here to take the quiz!

General Stats

  • This quiz has been taken 85,094 times
  • The average score is 17 of 22

Answer Stats

TitlesAnswer% Correct
There Delilah, JudeHey
95%
My Breath Away, It to The LimitTake
94%
Teardrop is a Waterfall, Breath You TakeEvery
88%
to Run, in the U.S.A.Born
87%
Criminal, OperatorSmooth
87%
Pie, WomanAmerican
85%
a Prayer, a VirginLike
85%
Don't Cost a Thing, ShackLove
84%
Buy Me Love, Fight This FeelingCan't
83%
in the Fast Lane, is a HighwayLife
83%
Girls Don't Cry, Yellow TaxiBig
82%
by Me, by Your ManStand
77%
Got Back, I Love Your WayBaby
72%
No Sunshine, Too Proud to BegAin't
71%
Rabbit, WeddingWhite
69%
on the Chain Gang, in BlackBack
68%
on Broken Glass, in MemphisWalking
68%
Magic Woman, Hole SunBlack
67%
the Casbah, Me AmadeusRock
61%
Times a Lady, Coins in the FountainThree
61%
Moon Rising, MedicineBad
57%
on the Ceiling, in the StreetsDancing
55%

Score Distribution

Percentile by Number Answered

Percent of People with Each Score

Your Score History

You have not taken this quiz